1736 1411 1773 1781 1020 1251 1464 1300 1599 1486 1899 1563 1986 1284 1262 1671 1236 1842 1344 1219 1184 1832 1441 1950 1863 1378 1961 1617 1493 1743 1216 1754 1495 1463 1217 1204 1153 1049 1166 1634 1435 1791 1954 1340 1308 1202 1496 1978 1551 1831 1122 1168 1069 1870 1216 1266 1516 1046 1463 1917 1470 1296 1074 1959 1715 1393 1824 1111 1779 1129 1485 1647 1451 1471 1080 1687 1506 1517 1256 1206 1264 1808 1160 1981 1901 1935 1506 1386 1274 1872 1244 1906 1541 1331 1899 1769 1137 1250 1496 BCNSPRNW ULIB Ver.6.0+V

เปลี่ยนเป็นภาษาไทย

Change to English
 แสดงรายละเอียดบรรณานุกรม
  กลับหน้าหลัก

Brief Record : Get Marc (ISO 2709) : E-mail record : QR code < ปิดหน้าต่าง
LEADER : 00000nam 2200000uu 4500
001    13399123313
003     ULIB
008    140820s2556||||th 000 0 tha d
099    วจ.WG340^bอ863ค
100 0  อุษณีย์ วรรณาลัย และธีรารัตน์ บุญกุณะ
245 00 ความรู้ ทัศนคติต่อการเป็นโรคและพฤติกรรมสุขภาพของผู้ป่วยโรคความดันโลหิตสูง เขตตำบลวอแก้ว อำเภอห้างฉัตร จังหวัดลำปาง
260    ลำปาง:^b,วิทยาลัยพยาบาลบรมราชชนนี นครลำปาง,^c2556
300    55 ,ก-ด หน้า
650  0 โรความดันโลหิตสูง,^xวิจัย
710 1  ตำบลวอแก้ว อำเภอห้างฉัตร จังหวัดลำปาง
945    ^p0^l0^i034614
999    ^aเกษร โพธิ์สุวรรณ
รายการนี้ยังไม่มีแท็ก
คุณยังไม่ได้ล็อกอิน คุณสามารถมีกิจกรรมร่วมกับเว็บไซต์ได้ แต่ต้องล็อกอินก่อน ::
  ล็อกอิน

รายการสื่อสารสนเทศ

ลำดับที่ ประเภท เลขเรียก/บาร์โค้ด สถานที่ สถานะ
1. งานวิจัย
งานวิจัย
วจ.WG340 อ863ค ฉ.1 
  Barcode: 034614
ห้องสมุดวิทยาเขตสวรรค์ประชารักษ์
►วิจัย
บนชั้น

BibComment


ยังไม่เคยถูกคอมเมนท์

คอมเมนท์ทรัพยากรรายการนี้
  คอมเมนท์: ความรู้ ทัศนคติต่..


 Copyright 2026. Bcnsprnw @Library